Human rights and child labour in Indian industries/ (Record no. 18802)

000 -LEADER
fixed length control field 00436nam a22001691a 4500
020 ## - INTERNATIONAL STANDARD BOOK NUMBER
ISBN 9788175410312
082 ## - DEWEY DECIMAL CLASSIFICATION NUMBER
Classification number 331.31
Item number ANU/H
100 ## - MAIN ENTRY--AUTHOR NAME
Personal name Anu Saksena
245 ## - TITLE STATEMENT
Title Human rights and child labour in Indian industries/
Statement of responsibility, etc by Anu Saksena
260 ## - PUBLICATION, DISTRIBUTION, ETC. (IMPRINT)
Place of publication New Delhi:
Name of publisher Shipra,
Year of publication 1999.
300 ## - PHYSICAL DESCRIPTION
Number of Pages 214p.
650 ## - SUBJECT ADDED ENTRY--TOPICAL TERM
Topical Term Child Labour Law
650 ## - SUBJECT ADDED ENTRY--TOPICAL TERM
Topical Term Labour Welfare
650 ## - SUBJECT ADDED ENTRY--TOPICAL TERM
Topical Term Social Labour
650 ## - SUBJECT ADDED ENTRY--TOPICAL TERM
Topical Term Social Science
942 ## - ADDED ENTRY ELEMENTS (KOHA)
Koha item type Book
Holdings
Withdrawn status Lost status Damaged status Not for loan Permanent Location Current Location Date acquired Cost, normal purchase price Full call number Accession Number Cost, replacement price Price effective from Koha item type
        Sree Sankaracharya University of Sanskrit Sree Sankaracharya University of Sanskrit 08.01.2015 380.00 331.31 ANU/H 033520 0.00 08.01.2015 Book